Tú eres el mensaje (Record no. 18469)

MARC details
000 -LEADER
campo de control de longitud fija 01000nam a22003135i 4500
001 - NÚMERO DE CONTROL
campo de control 18469
003 - IDENTIFICADOR DE NÚMERO DE CONTROL
campo de control ES-MaACL
005 - FECHA Y HORA DE LA ÚLTIMA TRANSACCIÓN
campo de control 20230906151838.0
007 - CAMPO FIJO DE DESCRIPCIÓN FÍSICA--INFORMACIÓN GENERAL
campo de control de longitud fija t|
008 - DATOS DE LONGITUD FIJA--INFORMACIÓN GENERAL
campo de control de longitud fija 011106s2001 sp ||||0| spa j
020 ## - NÚMERO INTERNACIONAL ESTÁNDAR DEL LIBRO
Número Internacional Estándar del Libro 84-493-1085-7
040 ## - FUENTE DE CATALOGACIÓN
Centro catalogador/agencia de origen M-BN
Lengua de catalogación spa
Centro/agencia transcriptor M-BN
080 ## - NÚMERO DE LA CLASIFICACIÓN DECIMAL UNIVERSAL
Número de la Clasificación Decimal Universal 159.925
080 ## - NÚMERO DE LA CLASIFICACIÓN DECIMAL UNIVERSAL
Número de la Clasificación Decimal Universal 316.772.4
100 1# - ENTRADA PRINCIPAL--NOMBRE DE PERSONA
Nombre de persona Ailes, Roger.
9 (RLIN) 18969
245 10 - MENCIÓN DEL TÍTULO
Título Tú eres el mensaje
Resto del título : la comunicación con los demás a través de los gestos, la imagen y las palabras /
Mención de responsabilidad, etc. Roger Ailes, Jon Kraushar ; [traducción de Mariela Orozco].
260 ## - PUBLICACIÓN, DISTRIBUCIÓN, ETC.
Lugar de publicación, distribución, etc. Barcelona :
Nombre del editor, distribuidor, etc. Paidós Ibérica,
Fecha de publicación, distribución, etc. [2001]
300 ## - DESCRIPCIÓN FÍSICA
Extensión 248 p ;
Dimensiones 21 cm.
490 1# - MENCIÓN DE SERIE
Mención de serie Paidós plural ;
Designación de volumen o secuencia 27
500 ## - NOTA GENERAL
Nota general Indice.
650 #4 - PUNTO DE ACCESO ADICIONAL DE MATERIA--TÉRMINO DE MATERIA
Término de materia o nombre geográfico como elemento de entrada Relaciones humanas.
9 (RLIN) 16782
650 14 - PUNTO DE ACCESO ADICIONAL DE MATERIA--TÉRMINO DE MATERIA
Término de materia o nombre geográfico como elemento de entrada Comunicación interpersonal.
9 (RLIN) 11200
700 1# - ENTRADA AGREGADA--NOMBRE PERSONAL
Nombre de persona Kraushar, Jon.
9 (RLIN) 68768
700 1# - ENTRADA AGREGADA--NOMBRE PERSONAL
Nombre de persona Orozco, Mariela.
9 (RLIN) 87335
830 0# - PUNTO DE ACCESO ADICIONAL DE SERIE-TÍTULO UNIFORME
Título uniforme Paidós plural ;
Designación de volumen o secuencia 27
9 (RLIN) 185284
852 ## - LOCALIZACIÓN
Ubicación ES-MaACL
Número de control de estantería L-25100
Sublocalización o colección R.130531
Holdings
Estatus retirado Estado de pérdida Estado de daño No para préstamo Biblioteca de origen Biblioteca actual Ubicación en estantería Fecha de adquisición Fuente de adquisición Total de préstamos Signatura topográfica completa Código de barras Visto por última vez Precio de reemplazo Tipo de ítem Koha
        Biblioteca del Ateneo de Madrid Biblioteca del Ateneo de Madrid Depósito 2 17/01/2008     L-25100 1018895 23/02/2023 23/02/2023 Libro impreso